000 00820cam a2200205 a 4500
001 000002547
005 20200929150218.0
008 900315s1988 uy 101 0 spa
040 _aDO-SdBNP
_bspa
_cBNPHU
082 _a989.504
_bS612i
111 2 _aSimposio Internacional, coloquios y conferencia
_cParque Hotel, Montevideo, Uruguay
_dDel 7 al 10 de Junio de 1988
_98007
245 1 4 _aLas ideas filosóficas que influyeron en la formación del Uruguay contemporáneo.
260 _aMontevideo, Uruguay :
_bFundación Prudencio Vázquez y Vega,
_c1988.
300 _a2 t. ;
_c26 cm.
490 1 _aCuadernos
651 4 _aUruguay
_xPolítica Y Gobierno
_y1810-
_xFilosofía
_xCongreso
_98008
710 2 _aFundación Prudencio Vázquez y Vega.
_98009
710 2 _aFundación Hanns-Seidel
_98010
830 0 _aCuadernos.
_98011
999 _c2383
_d2383